Ephesians, Colossians, and Philemon / (Record no. 10268)

MARC details
000 -LEADER
fixed length control field 00980pam a2200289 a 4500
001 - CONTROL NUMBER
control field 24626388
003 - CONTROL NUMBER IDENTIFIER
control field OCoLC
005 - DATE AND TIME OF LATEST TRANSACTION
control field 20241126110728.0
008 - FIXED-LENGTH DATA ELEMENTS--GENERAL INFORMATION
fixed length control field 910930s1991 gaua b 000 0 eng
010 ## -
-- 91037588
020 ## - INTERNATIONAL STANDARD BOOK NUMBER
International Standard Book Number 0804231397 (acidfree paper)
035 ## - SYSTEM CONTROL NUMBER
System control number 1648615
040 ## - CATALOGING SOURCE
Original cataloging agency DLC
Transcribing agency DLC
050 00 -
-- BS2695.3
-- .M36 1991
082 00 - DEWEY DECIMAL CLASSIFICATION NUMBER
Classification number 227.07
Edition information 20
Item number MAR
100 1# - MAIN ENTRY--PERSONAL NAME
Personal name Martin, Ralph P
9 (RLIN) 2746
245 10 - TITLE STATEMENT
Title Ephesians, Colossians, and Philemon /
Statement of responsibility, etc. Ralph P. Martin
260 ## - PUBLICATION, DISTRIBUTION, ETC.
Place of publication, distribution, etc. Atlanta :
Name of publisher, distributor, etc. John Knox Press,
Date of publication, distribution, etc. c1991
300 ## - PHYSICAL DESCRIPTION
Extent xi, 156 p. :
Other physical details ill. ;
Dimensions 24 cm
490 1# - SERIES STATEMENT
Series statement Interpretation, a Bible commentary for teaching and preaching
504 ## - BIBLIOGRAPHY, ETC. NOTE
Bibliography, etc. note Includes bibliographical references (p. 147-156)
630 00 - SUBJECT ADDED ENTRY--UNIFORM TITLE
Uniform title Bible.
Name of part/section of a work Ephesians
General subdivision Commentaries
9 (RLIN) 3108
630 00 - SUBJECT ADDED ENTRY--UNIFORM TITLE
Uniform title Bible.
Name of part/section of a work Colossians
General subdivision Commentaries
9 (RLIN) 859
630 00 - SUBJECT ADDED ENTRY--UNIFORM TITLE
Uniform title Bible.
Name of part/section of a work Philemon
General subdivision Commentaries
9 (RLIN) 860
830 #0 -
-- Interpretation, a Bible commentary for teaching and preaching.
-- 7988
942 ## - ADDED ENTRY ELEMENTS (KOHA)
Source of classification or shelving scheme Dewey Decimal Classification
Koha item type Books
Holdings
Withdrawn status Lost status Source of classification or shelving scheme Damaged status Not for loan Home library Current Library Shelving location Date acquired Total checkouts Full call number Barcode Date last seen Date last checked out Copy number Price effective from Koha item type
    Dewey Decimal Classification     GRACE BIBLE COLLEGE GRACE BIBLE COLLEGE Biblical Studies 2024-05-09 2 227.07 MAR 020724 2025-08-27 2025-08-22 c.1 2024-05-09 Books
© Grace Bible College Library 2025